MARC

LEADER 00000cam a2200000 7i4500
001 0000000060
005 20000627.0
020 0 0 |a 9679785122 
090 0 0 |a 327.595   |b MAL 1995 
245 0 0 |a MALAYSIA's defence & foreign policies   |c edited by Abdul Razak Abdullah Baginda and Rohana Mahmood 
260 0 0 |a Petaling Jaya, Selangor :   |b Pelanduk Pub. ,   |c 1995 
300 |a 137 p. ;   |c 23 cm. 
651 0 0 |a Asia, Southeastern   |x Foreign relations   |x Forecasting 
651 0 0 |a Malaysia   |x Armed forces   |x Forecasting 
651 0 0 |a Malaysia   |x Armed forces 
651 0 0 |a Malaysia   |x Defences 
651 0 0 |a Malaysia   |x Foreign relations 
651 0 0 |a Malaysia   |x Foreign relations   |x Forecasting 
651 0 0 |a Malaysia   |x Foreign relations   |z Asia, Southeastern   |x Forecasting 
700 0 1 |a Abdul Razak Abdullah Baginda 
700 0 1 |a Rohana Mahmood 
710 1 1 |a Malaysian Strategic Research Centre 
745 0 0 |a Conference on Malaysia's Defence and Foreign Policies (1993 : Kuala Lumpur) 
999 |a 0000001005   |b Monograph   |c Open Shelf   |e Default branch